000 00229nam a22001217a 4500
020 _a0-43112-269-5
082 _a001
_bSPA/E
245 _aMERCURY
260 _aUK
_bHEINEMANN LIBRARY
300 _a39
650 _aGK
942 _cBK
999 _c6363
_d6363